Comuni Italiani con la D - Statistics

Statistiche generali
  • Questo quiz è stato fatto 231 volte
  • Il punteggio medio è 10 su 106
Statistiche sulle risposte
Comuni con la D % Corretto
Domodossola
83%
Desio
49%
Desenzano del Garda
33%
Dalmine
29%
Dro
28%
Dolo
24%
Dairago
21%
Diano Marina
21%
Dronero
20%
Dervio
18%
Dimaro
18%
Darfo Boario Terme
17%
Dongo
17%
Delebio
15%
Delia
15%
Dello
15%
Danta di Cadore
14%
Dazio
14%
Deiva Marina
14%
Dobbiaco
14%
Decimomannu
13%
Deruta
13%
Dogliani
13%
Dubino
13%
Duino-Aurisina
13%
Davoli
12%
Diano Castello
12%
Dolcè
12%
Dozza
12%
Diamante
11%
Dossena
11%
Daverio
10%
Delianuova
10%
Deliceto
10%
Dasà
9%
Davagna
9%
Decimoputzu
9%
Demonte
9%
Diano d'Alba
9%
Diso
9%
Doberdò del Lago
9%
Domegge di Cadore
9%
Druento
9%
Daiano
8%
Decollatura
8%
Diano Arentino
8%
Dignano
8%
Dogna
8%
Donato
8%
Dovera
8%
Drenchia
8%
Dresano
8%
Dego
7%
Denice
7%
Dernice
7%
Diano San Pietro
7%
Dicomano
7%
Dolceacqua
7%
Dolzago
7%
Dormelletto
7%
Dragoni
7%
Druogno
7%
Dambel
6%
Denno
6%
Desana
6%
Desulo
6%
Dolegna del Collio
6%
Dolianova
6%
Domaso
6%
Domusnovas
6%
Donnas
6%
Dorgali
6%
Doues
6%
Dovadola
6%
Dumenza
6%
Duno
6%
Durazzano
6%
Dizzasco
5%
Dolcedo
5%
Dorno
5%
Duronia
5%
Derovere
4%
Dinami
4%
Donori
4%
Dorzano
4%
Dosolo
4%
Dosso del Liro
4%
Dualchi
4%
Due Carrare
4%
Dueville
4%
Dugenta
4%
Dipignano
3%
Domanico
3%
Domicella
3%
Domus de Maria
3%
Drena
3%
Daone
2%
Divignano
2%
Dogliola
2%
Dorio 2590
2%
Drapia
2%
Drizzona
2%
Dusino San Michele
2%
Darè
1%
Drezzo
1%
Dorsino
0%
Nessun quiz corrispondente trovato
Distribuzione punteggi
Percentuale di utenti per punteggio
Percentile per numero di risposta
I tuoi punteggi nel tempo
Non hai fatto questo quiz